Специфическая профилактика инфекционных заболеваний (Запись № 9770060)

Подробности
000 -МАРКЕР
контрольное поле 01759nam0a2200325 i 4500
001 - ИДЕНТИФИКАТОР ЗАПИСИ
контрольное поле RU\NLR\BIBL_A\010412944
005 - ИДЕНТИФИКАТОР ВЕРСИИ
контрольное поле 20260408062808.0
010 ## - МЕЖДУНАРОДНЫЙ СТАНДАРТНЫЙ НОМЕР КНИГИ (ISBN)
Номер (ISBN) 9785984502429
Тираж 200
021 ## - НОМЕР ГОСУДАРСТВЕННОЙ РЕГИСТРАЦИИ
Код страны Российская Федерация
Номер 2014-33801
Номер Листа государственной регистраци 2069
035 ## - ДРУГИЕ СИСТЕМНЫЕ НОМЕРА
Идентификатор записи (NILC)LIBNET\0000323942
035 ## - ДРУГИЕ СИСТЕМНЫЕ НОМЕРА
Идентификатор записи RU/Архангельская ОНБ/DOLIB/55.14-8я81/С 718-97554745
035 ## - ДРУГИЕ СИСТЕМНЫЕ НОМЕРА
Идентификатор записи (NLR Aleph) 010412944
100 ## - ДАННЫЕ ОБЩЕЙ ОБРАБОТКИ
Данные общей обработки 20140707d2012 k y0rusy50 ca
101 0# - ЯЗЫК РЕСУРСА
Язык текста, звукозаписи и т.д. русский
102 ## - СТРАНА ПУБЛИКАЦИИ ИЛИ ПРОИЗВОДСТВА
Страна публикации Российская Федерация
105 ## - ПОЛЕ КОДИРОВАННЫХ ДАННЫХ: ТЕКСТОВЫЕ МАТЕРИАЛЫ, МОНОГРАФИЧЕСКИЕ
Кодированные данные о монографическом текстовом документе a j 000yy
200 1# - ЗАГЛАВИЕ И СВЕДЕНИЯ ОБ ОТВЕТСТВЕННОСТИ
Основное заглавие Специфическая профилактика инфекционных заболеваний
Сведения, относящиеся к заглавию руководство для врачей
Первые сведения об ответственности М-во здравоохранения РФ, Сев. гос. мед. ун-т
Последующие сведения об ответственности [Макарова Валерия Ивановна, д.м.н., проф., акад. РАЕ и др.]
-- под ред. проф. В.И. Макаровой
210 ## - ПУБЛИКАЦИЯ, РАСПРОСТРАНЕНИЕ И ДР.
Место издания, распространения и т.д. Архангельск
Имя издателя, распространителя и т. д. КИРА
Дата издания, распространения и т.д. 2012
215 ## - ФИЗИЧЕСКАЯ ХАРАКТЕРИСТИКА
Специфическое обозначение материала и объем 145 с., [5] л. цв. ил.
Другие сведения о физической характеристике ил.
Размеры 21
320 ## - ПРИМЕЧАНИЯ О НАЛИЧИИ В ДОКУМЕНТЕ БИБЛИОГРАФИИ / УКАЗАТЕЛЯ
Текст примечания Библиогр.: с. 145 (13 назв.)
606 ## - НАИМЕНОВАНИЕ ТЕМЫ КАК ПРЕДМЕТ
Наименование темы Инфекционные болезни
Формальный подзаголовок Руководства, пособия и т.п
Тематический подзаголовок Предохранительные прививки
Системный номер авторитетной/нормативной записи 1186825
Идентификатор авторитетной/нормативной записи RU\NLR\AUTH\66478417
686 1# - ИНДЕКСЫ ДРУГИХ КЛАССИФИКАЦИЙ
Индекс Р193.95я77
702 #1 - ИМЯ ЛИЦА - ВТОРИЧНАЯ ОТВЕТСТВЕННОСТЬ
Код отношения Составитель
-- Редактор
Графика поля Кириллица
Материалы, к которым относится поле rus
Начальный элемент ввода Макарова
Часть имени, кроме начального элемента ввода В. И.
Дополнения к именам, кроме дат д-р мед. наук
Даты 1948-
Расширение инициалов личного имени Валерия Ивановна
Системный номер авторитетной/нормативной записи 9952
Идентификатор авторитетной/нормативной записи RU\NLR\AUTH\7726914
712 02 - НАИМЕНОВАНИЕ ОРГАНИЗАЦИИ - ВТОРИЧНАЯ ОТВЕТСТВЕННОСТЬ
Код отношения Прочие
Начальный элемент ввода Северный государственный медицинский университет
Идентифицирующий признак Архангельск
Системный номер авторитетной/нормативной записи 562229
Идентификатор авторитетной/нормативной записи RU\NLR\AUTH\8810031813
801 #0 - ИСТОЧНИК ЗАПИСИ
Страна Российская Федерация
Организация Архангельская ОНБ
Дата составления 20130318
Правила каталогизации rcr
942 ## - ДОПОЛНИТЕЛЬНЫЕ ЭЛЕМЕНТЫ ЗАПИСИ (АБИС)
Тип экземпляра АБИС Книга
980 ## - КОЛЛЕКЦИЯ
Название коллекции НБР

Нет доступных экземпляров.